| 000 | 00545nam a2200169 i 4500 | ||
|---|---|---|---|
| 001 | 38089 | ||
| 003 | ES-MaACL | ||
| 005 | 20250806073622.0 | ||
| 007 | t| | ||
| 008 | 030224s1888 sp ||||1| spa d | ||
| 100 | 1 |
_aCabello y Asso, Fernando. _933181 |
|
| 245 | 1 | 0 |
_aApuntes para la biografía del Doctor en Medicina D. Gabriel Usera y Alarcón / _cFernando Cabello y Asso. |
| 260 |
_aMadrid : _b[s.n., _c1888] |
||
| 600 | 1 | 4 |
_aUsera y Alarcón, Gabriel de, _d1807-1876 _9153301 |
| 852 |
_aES-MaACL _jT-510-F-5 |
||
| 999 |
_c38089 _d38089 |
||